000 01189nam a22003135i 4500
001 10801
003 ES-MaACL
005 20250727150316.0
007 t|
008 921104s1992 sp b |||| | spa
020 _a84-7483-815-0
080 _a017.1(460.27 M.)
080 _a016:398.88"16"
080 _a016:82-192.2"16"
110 2 _aBiblioteca Nacional (España)
_92188
245 1 0 _aCatálogo de villancicos de la Biblioteca Nacional :
_bsiglo XVII /
_c[coordinación, Isabel Ruiz de Elvira Serra ; catalogación, Elena Laguna del Cojo ... et al. ; índices, María Cristina Guillén Bermejo, Marta Sáenz Bascones].
260 _aMadrid :
_bBiblioteca Nacional,
_c1992.
300 _aXXV, 350 p :
_bil ;
_c24 cm.
500 _aÍndices.
504 _aBibliografía: p. XXIII-XXV.
610 2 4 _aBiblioteca Nacional (España)-
_vCatálogos
_92189
650 1 4 _aVillancicos-
_vBibliografías.
_9168020
700 1 _aRuiz de Elvira Serra, Isabel.
_9100739
700 1 _aLaguna del Cojo, Elena
_969626
700 1 _aGuillén Bermejo, María Cristina.
_960779
700 1 _aSáenz Bascones, Marta.
_9196219
852 _aES-MaACL
_jL-18143
999 _c10801
_d10801